Unwavering Ecumenist (Record no. 19942)

MARC details
000 -LEADER
fixed length control field 00283nam a22001337a 4500
020 ## - INTERNATIONAL STANDARD BOOK NUMBER
ISBN 9788184654639
082 ## - DEWEY DECIMAL CLASSIFICATION NUMBER
Classification number 270.82 DIP
100 ## - MAIN ENTRY--AUTHOR NAME
Author name Dip Kasta
245 ## - TITLE STATEMENT
Title Unwavering Ecumenist
260 ## - PUBLICATION, DISTRIBUTION, ETC. (IMPRINT)
Place of publication New Delhi
Name of publisher ISPCK/IPC
Year of publication 2014
300 ## - PHYSICAL DESCRIPTION
Number of Pages 122
650 ## - SUBJECT ADDED ENTRY--TOPICAL TERM
Topical Term ecuminism
942 ## - ADDED ENTRY ELEMENTS (KOHA)
Koha item type Books
Holdings
Home library Current library Shelving location Date acquired Full call number Accession Number Koha item type
Henry Martyn Institute Library Henry Martyn Institute Library General stacks 01/19/2016 270.82 DIP 11003361 General Stack Book
                   Copyright © 2026 | Henry Martyn Institute | Hyderabad | TS-500052 | INDIA | Implemented by hmi.edu.in
Hit-Count:

Powered by Koha